00479nam a2200157Ia 4500999001700000003000400017005001700021008004100038082002100079100001800100245004200118260001800160300000700178942001300185952012300198 c22959d22959OSt20191018144038.0140316s9999 xx 000 0 und d a539.7bCR GOV/AT aGovt.of India aAtomic Energy in India: A Perspective bGovt.of India a61 2ddccREP 00102ddc4070aKAUCLVbKAUCLVcREPORTSd2014-03-18l0o539.7 CR GOV/ATp804613r2014-03-18 00:00:00w2014-03-18yREP